[Event "Mercredi 2025.05.07 ABCD"]
[Site "Montreal CAN"]
[Date "2025.06.04"]
[Round "5"]
[White "Navarro, Pavel"]
[Black "Di Matteo, Alessio"]
[Result "1-0"]
[WhiteElo "1888"]
[BlackElo "1880"]
[WhiteFideId "-1"]
[WhiteFideId "-1"]
[PlyCount "107"]
[GameId "2186575367503925"]
[EventDate "2025.05.07"]
[EventType "tourn"]
[EventRounds "5"]
[EventCountry "CAN"]

1. Nf3 Nf6 2. g3 d5 3. Bg2 c5 4. c4 d4 5. d3 Nc6 6. O-O e5 7. e3 Bd6 8. e4 O-O 9. h3 h6 10. Ne1 Re8 11. f4 a6 12. f5 b5 13. b3 Bf8 14. g4 Nh7 15. Nd2 Be7 16. Ndf3 Bd7 17. Rf2 b4 18. Bf1 Kh8 19. Rh2 Rg8 20. h4 g6 21. Bxh6 gxf5 22. Ng5 Bxg5 23. hxg5 fxe4 24. Bg2 f5 25. gxf6 Qxf6 26. g5 Qg6 27. Bxe4 Bf5 28. Bd5 Rge8 29. Qf3 e4 30. dxe4 Bxe4 31. Bf7 Ne5 32. Bxg6 Nxf3+ 33. Nxf3 Bxg6 34. Nh4 Re6 35. Rf1 Rg8 36. Bf8 Nxf8 37. Nxg6+ Kg7 38. Nf4 Re3 39. Nh5+ Kg6 40. Rf6+ Kxg5 41. Rg2+ Kxh5 42. Rxg8 Ne6 43. Re8 d3 44. Rexe6 d2 45. Rd6 Re1+ 46. Rf1 Re2 47. Rf5+ Kg4 48. Rfd5 d1=R+ 49. Rxd1 Rxa2 50. R6d5 Ra3 51. R1d3 a5 52. Rxc5 a4 53. Ra5 axb3 54. Rxa3 1-0

[Event "Mercredi 2025.05.07 ABCD"]
[Site "Montreal CAN"]
[Date "2025.06.04"]
[Round "5"]
[White "Pomerantz, Daniel"]
[Black "Guillemette, Hugo"]
[Result "0-1"]
[WhiteElo "2116"]
[BlackElo "2262"]
[WhiteFideId "-1"]
[WhiteFideId "-1"]
[PlyCount "74"]
[GameId "2186575367434263"]
[EventDate "2025.05.07"]
[EventType "tourn"]
[EventRounds "5"]
[EventCountry "CAN"]

1. e4 c5 2. Nf3 e6 3. d4 cxd4 4. Nxd4 Nc6 5. Nc3 Qc7 6. Ncb5 Qb8 7. Bd3 Nf6 8. O-O Be7 9. Qe2 O-O 10. c4 a6 11. Nxc6 bxc6 12. Nc3 e5 13. b3 Bc5 14. Na4 Bd4 15. Ba3 d6 16. Rab1 Bg4 17. Qd2 Qc7 18. c5 d5 19. exd5 cxd5 20. Bb2 Bxb2 21. Qxb2 e4 22. Be2 Bxe2 23. Qxe2 d4 24. Rfe1 Rad8 25. f3 e3 26. Qxa6 Nd5 27. Rbd1 Nf4 28. Qc4 Qe5 29. Kh1 e2 30. Rd2 Qe3 31. Rexe2 Nxe2 32. Rxe2 Qg5 33. Re1 d3 34. c6 d2 35. Rd1 Rfe8 36. Qf1 Qe5 37. c7 Qxc7 0-1

[Event "Mercredi 2025.05.07 ABCD"]
[Site "Montreal CAN"]
[Date "2025.06.04"]
[Round "5"]
[White "Qi, Jason"]
[Black "Beaulieu, Pierre"]
[Result "1-0"]
[WhiteElo "1698"]
[BlackElo "1699"]
[WhiteFideId "-1"]
[WhiteFideId "-1"]
[PlyCount "109"]
[GameId "2186575367503939"]
[EventDate "2025.05.07"]
[EventType "tourn"]
[EventRounds "5"]
[EventCountry "CAN"]

1. e4 b6 2. c4 Bb7 3. Nc3 e6 4. d4 Bb4 5. d5 Qh4 6. Bd3 Na6 7. Nf3 Bxc3+ 8. bxc3 Qe7 9. O-O e5 10. a4 d6 11. a5 Nf6 12. axb6 axb6 13. Qa4+ Nd7 14. Be3 O-O 15. Qc2 Nac5 16. Nd2 h6 17. f4 Rxa1 18. Rxa1 exf4 19. Bxf4 g5 20. Be3 f5 21. Bd4 f4 22. Be2 Ne5 23. Nf3 g4 24. Nxe5 dxe5 25. Bxc5 Qxc5+ 26. Kh1 f3 27. gxf3 Qe3 28. Rg1 Bc8 29. Rg3 Rf4 30. fxg4 Qxe4+ 31. Qxe4 Rxe4 32. Bd3 Rxg4 33. Re3 Rg5 34. Be2 Kg7 35. h4 Rg6 36. Bh5 Rf6 37. Rxe5 Bf5 38. Re7+ Kf8 39. Re8+ Kg7 40. Re7+ Kf8 41. Rxc7 Be4+ 42. Kh2 Rf4 43. Kg3 Rf6 44. Rc8+ Kg7 45. Re8 Bd3 46. Re7+ Kf8 47. Rc7 Be4 48. Bg4 Ke8 49. Be6 Rf3+ 50. Kg4 Rxc3 51. d6 Bf3+ 52. Kf4 Kf8 53. Rf7+ Ke8 54. Rg7 Kf8 55. Rg8# 1-0

[Event "Mercredi 2025.05.07 ABCD"]
[Site "Montreal CAN"]
[Date "2025.06.04"]
[Round "5"]
[White "Ramesan, Raunak"]
[Black "Nassif, Aba"]
[Result "0-1"]
[WhiteElo "1992"]
[BlackElo "2049"]
[WhiteFideId "-1"]
[WhiteFideId "-1"]
[PlyCount "156"]
[GameId "2186575367503909"]
[EventDate "2025.05.07"]
[EventType "tourn"]
[EventRounds "5"]
[EventCountry "CAN"]

1. e4 c5 2. Nf3 g6 3. d4 cxd4 4. Nxd4 Bg7 5. c4 Nc6 6. Be3 Nf6 7. Nc3 Ng4 8. Qxg4 Nxd4 9. Qd1 Ne6 10. Be2 Qa5 11. O-O b6 12. f4 Bb7 13. f5 Nc5 14. Nd5 Bxd5 15. Qxd5 O-O 16. fxg6 hxg6 17. Rxf7 Rxf7 18. Qxa8+ Rf8 19. Qd5+ e6 20. Qg5 Nxe4 21. Qxg6 Qe5 22. Bf3 Nd6 23. Bf2 Rf6 24. Qg4 Rf4 25. Qg6 Qxb2 26. Rd1 Qe5 27. h4 Rf7 28. h5 Rf6 29. Qd3 Qg5 30. Bd4 e5 31. Be3 Qg3 32. Bd5+ Kh8 33. Rf1 e4 34. Qe2 Nf5 35. Bf4 Nd4 36. Qxe4 Rxf4 37. Rxf4 Qxf4 38. Qe8+ Bf8 39. Bf7 Kg7 40. Bd5 Qc1+ 41. Kh2 Bd6+ 42. Kh3 Qh1+ 43. Kg4 Qd1+ 44. Bf3 Nxf3 45. Qxd7+ Kf8 46. Qd8+ Kf7 47. Qd7+ Kf6 48. Qf5+ Ke7 49. Qh7+ Kd8 50. Qh8+ Kd7 51. gxf3 Qg1+ 52. Kf5 Qb1+ 53. Kg4 Qg1+ 54. Kf5 Qg3 55. Qa8 Qf4+ 56. Kg6 Bb8 57. Qb7+ Ke8 58. Qc6+ Ke7 59. Qb7+ Bc7 60. h6 Qd6+ 61. Kh7 Kf6 62. Qe4 Qd7+ 63. Kh8 Be5 64. f4 Bc3 65. Kg8 Qf7+ 66. Kh8 Qf8+ 67. Kh7 Qe7+ 68. Qxe7+ Kxe7 69. Kg6 Bf6 70. f5 a6 71. a4 a5 72. Kh7 Be5 73. Kg6 Kf8 74. f6 Kg8 75. Kf5 Bc3 76. Kg6 Bd4 77. f7+ Kf8 78. Kh7 Kxf7 0-1

[Event "Mercredi 2025.05.07 ABCD"]
[Site "Montreal CAN"]
[Date "2025.06.04"]
[Round "5"]
[White "Templonueva, Mark Geryl"]
[Black "Hartner, Rian"]
[Result "1-0"]
[WhiteElo "1876"]
[BlackElo "1893"]
[WhiteFideId "-1"]
[WhiteFideId "-1"]
[PlyCount "120"]
[GameId "2186575367503926"]
[EventDate "2025.05.07"]
[EventType "tourn"]
[EventRounds "5"]
[EventCountry "CAN"]

1. e4 c6 2. d4 d5 3. Nc3 dxe4 4. Nxe4 Nf6 5. Nxf6+ exf6 6. Be3 Bd6 7. Bd3 O-O 8. Ne2 Re8 9. c4 Nd7 10. Qc2 Nf8 11. c5 Bb8 12. h3 h5 13. g4 h4 14. O-O-O Be6 15. Nc3 b5 16. Kb1 b4 17. Na4 Bd5 18. Rhe1 Bc7 19. b3 a5 20. Qd2 Ne6 21. f4 g5 22. fxg5 fxg5 23. Rf1 Nf4 24. Nb6 Ra7 25. Bxf4 gxf4 26. Nxd5 Qxd5 27. g5 Re3 28. g6 Qxd4 29. gxf7+ Kf8 30. Bg6 Qxc5 31. Rxf4 Qg5 32. Qxe3 Qxg6+ 33. Qe4 Qxe4+ 34. Rxe4 Bg3 35. Rf1 Rxf7 36. Rxf7+ Kxf7 37. Rc4 Ke6 38. Rxc6+ Kd5 39. Rc4 Be1 40. Rg4 Ke5 41. Kc2 Kd5 42. Kd3 Kc5 43. Rg5+ Kb6 44. Kc4 Bg3 45. Rg6+ Kb7 46. Kb5 Bc7 47. Rg7 Kb8 48. Rxc7 Kxc7 49. Kxa5 Kb7 50. Kxb4 Ka6 51. Kc5 Ka5 52. b4+ Ka6 53. Kc6 Ka7 54. b5 Kb8 55. Kb6 Ka8 56. Kc7 Ka7 57. b6+ Ka6 58. b7 Ka5 59. b8=Q Ka4 60. Qb6 Ka3 1-0

[Event "Mercredi 2025.09.10 ABCD"]
[Site "Montreal CAN"]
[Date "2025.09.10"]
[Round "1"]
[White "Tremblay, Alain"]
[Black "Gelet, Seymour"]
[Result "1-0"]
[WhiteElo "2069"]
[BlackElo "2152"]
[WhiteFideId "-1"]
[WhiteFideId "-1"]
[PlyCount "118"]
[GameId "2231151952372938"]
[EventDate "2025.09.10"]
[EventType "tourn"]
[EventRounds "5"]
[EventCountry "CAN"]

1. d4 Nf6 2. c4 e6 3. Nc3 d5 4. Bf4 c6 5. e3 Be7 6. Nf3 Nbd7 7. h3 O-O 8. Qc2 Re8 9. a3 Qa5 10. Nd2 Bb4 11. Rc1 Bxc3 12. Qxc3 Qxc3 13. Rxc3 e5 14. dxe5 Nxe5 15. cxd5 Nxd5 16. Bxe5 Rxe5 17. Rc5 Bd7 18. Be2 b6 19. Rc4 c5 20. Nf3 Re7 21. O-O Bb5 22. Rc2 Ba4 23. Rd2 Nf6 24. Bc4 Ne4 25. Rd5 Bc6 26. Re5 Rae8 27. Rxe7 Rxe7 28. Rd1 Rd7 29. Rxd7 Bxd7 30. Kf1 Nd6 31. Bd5 Bb5+ 32. Ke1 Bc4 33. Bc6 f6 34. Nd2 Bd3 35. e4 Kf8 36. f4 Ke7 37. Kf2 Nc4 38. Nxc4 Bxc4 39. h4 Kd6 40. Be8 b5 41. Ke3 a6 42. g3 Bb3 43. Bh5 a5 44. Kd2 b4 45. Ke3 a4 46. Kd2 Kc6 47. Be8+ Kd6 48. Bh5 Be6 49. Be8 Bb3 50. Bb5 f5 51. e5+ Kd5 52. Bd7 bxa3 53. bxa3 g6 54. Kc3 h6 55. Be8 Ke4 56. Bxg6 Kf3 57. Bxf5 Kxg3 58. e6 Kxf4 59. e7 Bf7 1-0

[Event "Mercredi 2025.09.10 ABCD"]
[Site "Montreal CAN"]
[Date "2025.09.10"]
[Round "1"]
[White "Di Matteo, Alessio"]
[Black "Jacquet, Stephane"]
[Result "1-0"]
[WhiteElo "2038"]
[BlackElo "2075"]
[WhiteFideId "-1"]
[WhiteFideId "-1"]
[PlyCount "99"]
[GameId "2231151952430283"]
[EventDate "2025.09.10"]
[EventType "tourn"]
[EventRounds "5"]
[EventCountry "CAN"]

1. d4 d6 2. Nf3 g6 3. c4 Bg7 4. Nc3 Nf6 5. e4 O-O 6. Be2 Na6 7. O-O e5 8. Re1 Qe8 9. Bf1 Bg4 10. d5 Nb4 11. a3 Bxf3 12. gxf3 Na6 13. b4 Nd7 14. Be3 f5 15. Bh3 f4 16. Bc1 g5 17. Kh1 Kh8 18. Rg1 Qf7 19. Qf1 Bf6 20. Be6 Qg7 21. Qh3 Nb6 22. Qf1 Be7 23. Rb1 Rf6 24. a4 Rd8 25. a5 Nd7 26. Ba3 Nf8 27. Bf5 Rh6 28. Na4 Nb8 29. c5 Nbd7 30. Rc1 b6 31. cxb6 cxb6 32. Rc7 bxa5 33. bxa5 Rh4 34. Rxa7 Qh6 35. Qg2 Qf6 36. Rc1 h5 37. Rcc7 Rb8 38. Rab7 Rxb7 39. Rxb7 Nc5 40. a6 Nxa6 41. Rb6 Nc7 42. Nb2 Nxd5 43. Rc6 g4 44. Nc4 g3 45. fxg3 fxg3 46. Qxg3 Nf4 47. Bxd6 Bxd6 48. Rxd6 Ne2 49. Qg2 Qg7 50. Qxe2 1-0

[Event "Mercredi 2025.09.10 ABCD"]
[Site "Montreal CAN"]
[Date "2025.09.10"]
[Round "1"]
[White "Chapdelaine, Gwyn"]
[Black "Huang, Qiuyu"]
[Result "1-0"]
[WhiteElo "2306"]
[BlackElo "2224"]
[WhiteFideId "-1"]
[WhiteFideId "-1"]
[PlyCount "73"]
[GameId "2231151952446668"]
[EventDate "2025.09.10"]
[EventType "tourn"]
[EventRounds "5"]
[EventCountry "CAN"]

1. d4 d5 2. c4 e6 3. Nf3 Nf6 4. g3 Be7 5. Bg2 O-O 6. O-O b6 7. Qc2 Bb7 8. Rd1 Nbd7 9. b3 Rc8 10. Bb2 c5 11. Ne5 cxd4 12. Bxd4 Rc7 13. Nc3 Qa8 14. e4 Nxe5 15. Bxe5 Rcc8 16. exd5 exd5 17. Bxf6 Bxf6 18. Bxd5 Bxd5 19. Nxd5 Bxa1 20. Ne7+ Kh8 21. Nxc8 Rxc8 22. Rxa1 Qf3 23. Qd1 Qf6 24. Rc1 Rd8 25. Qe2 h6 26. Re1 Qc3 27. Qe7 Qd2 28. Re3 Rd7 29. Qe8+ Kh7 30. Qe4+ g6 31. Qe8 Kg7 32. Qe5+ Kh7 33. Qf6 Qd4 34. Qxd4 Rxd4 35. Re7 Kg7 36. Rxa7 Rd2 37. Ra6 1-0

[Event "Mercredi 2025.09.10 ABCD"]
[Site "Montreal CAN"]
[Date "2025.09.17"]
[Round "2"]
[White "Jacquet, Stephane"]
[Black "Tremblay, Alain"]
[Result "0-1"]
[WhiteElo "2075"]
[BlackElo "2069"]
[WhiteFideId "-1"]
[WhiteFideId "-1"]
[PlyCount "68"]
[GameId "2231151952454861"]
[EventDate "2025.09.10"]
[EventType "tourn"]
[EventRounds "5"]
[EventCountry "CAN"]

1. d4 d5 2. c4 e6 3. Nc3 Nf6 4. Nf3 Be7 5. cxd5 exd5 6. Bf4 O-O 7. e3 c6 8. Bd3 Bg4 9. Qc2 Bh5 10. Ne5 Nbd7 11. O-O Re8 12. Bf5 Bg6 13. h3 Bxf5 14. Qxf5 g6 15. Qd3 Bf8 16. Rab1 a5 17. Bh2 Ne4 18. Nxe4 dxe4 19. Qb3 Nxe5 20. dxe5 Qd5 21. Qa4 b5 22. Qc2 Qxa2 23. Qxe4 Qd5 24. Qxd5 cxd5 25. Rfd1 Red8 26. Rd3 Rac8 27. Bf4 Be7 28. Bh6 b4 29. Ra1 Rc5 30. Kh2 f6 31. Bf4 Kf7 32. b3 Ke6 33. Rad1 Rdc8 34. Kg3 g5 0-1

[Event "Mercredi 2025.09.10 ABCD"]
[Site "Montreal CAN"]
[Date "2025.09.17"]
[Round "2"]
[White "Chapdelaine, Gwyn"]
[Black "Di Matteo, Alessio"]
[Result "1-0"]
[WhiteElo "2098"]
[BlackElo "2038"]
[WhiteFideId "-1"]
[WhiteFideId "-1"]
[PlyCount "68"]
[GameId "2231151952454862"]
[EventDate "2025.09.10"]
[EventType "tourn"]
[EventRounds "5"]
[EventCountry "CAN"]

1. c4 Nf6 2. Nc3 e6 3. e4 d5 4. e5 d4 5. exf6 dxc3 6. bxc3 Qxf6 7. d4 e5 8. Nf3 Nc6 9. Be2 h6 10. O-O Be7 11. d5 Nb8 12. c5 Bxc5 13. Qa4+ Bd7 14. Qb3 b6 15. Bb2 O-O 16. c4 Re8 17. Rae1 Qd6 18. Bd3 f6 19. Bg6 Rd8 20. Qc2 a5 21. Bh7+ Kh8 22. Nxe5 fxe5 23. Bxe5 Qf8 24. Qg6 Bf5 25. Qxf5 Qxf5 26. Bxf5 Na6 27. Re4 Bd6 28. Bb2 Re8 29. Rfe1 Rxe4 30. Rxe4 Kg8 31. Rg4 Bf8 32. Be6+ Kh7 33. f4 Nb4 34. a3 Nc2 1-0

[Event "Mercredi 2025.09.10 ABCD"]
[Site "Montreal CAN"]
[Date "2025.09.30"]
[Round "4"]
[White "Di Matteo, Alessio"]
[Black "Tremblay, Alain"]
[Result "1-0"]
[WhiteElo "2038"]
[BlackElo "2069"]
[WhiteFideId "-1"]
[WhiteFideId "-1"]
[PlyCount "87"]
[GameId "2231151952471247"]
[EventDate "2025.09.10"]
[EventType "tourn"]
[EventRounds "5"]
[EventCountry "CAN"]

1. d4 Nf6 2. c4 e6 3. Nc3 d5 4. cxd5 exd5 5. Bg5 Nbd7 6. e3 h6 7. Bh4 c6 8. Bd3 Be7 9. Nge2 Nh5 10. Bxe7 Qxe7 11. O-O Nb6 12. Qd2 O-O 13. Rae1 Be6 14. Nc1 Rad8 15. Nb3 Nc4 16. Qe2 g6 17. f4 f5 18. Bxc4 dxc4 19. Nd2 b5 20. Nf3 Rd6 21. Ne5 Bf7 22. e4 Ng7 23. Qf2 Qb7 24. Kh1 Rfd8 25. Qh4 h5 26. Nf3 b4 27. Na4 fxe4 28. Nc5 Qc7 29. Nxe4 Nf5 30. Qg5 Kg7 31. Nxd6 Qxd6 32. Ne5 Bd5 33. Rf2 Rf8 34. Kg1 c3 35. bxc3 bxc3 36. g4 hxg4 37. Nxg4 c5 38. dxc5 Qxc5 39. Ne5 Qd6 40. h4 Ne7 41. h5 Bf7 42. Ng4 Bd5 43. Qh6+ Kg8 44. hxg6 {...} 1-0

[Event "Mercredi 2025.09.10 ABCD"]
[Site "Montreal CAN"]
[Date "2025.10.07"]
[Round "4"]
[White "Tremblay, Alain"]
[Black "Chapdelaine, Gwyn"]
[Result "1/2-1/2"]
[WhiteElo "2069"]
[BlackElo "2098"]
[WhiteFideId "-1"]
[WhiteFideId "-1"]
[PlyCount "71"]
[GameId "2231151952479440"]
[EventDate "2025.09.10"]
[EventType "tourn"]
[EventRounds "5"]
[EventCountry "CAN"]

1. d4 d5 2. c4 e6 3. Nc3 Nf6 4. Bg5 Be7 5. e3 h6 6. Bh4 b6 7. cxd5 exd5 8. Rc1 O-O 9. Nf3 Bg4 10. Qb3 Be6 11. Be2 c5 12. O-O Nc6 13. Qa4 Na5 14. dxc5 bxc5 15. Rfd1 Rb8 16. Bxf6 Bxf6 17. Nxd5 Bxd5 18. Rxc5 Rxb2 19. Rcxd5 Qb8 20. Ba6 Nb7 21. Rb5 Qe8 22. Rb4 Qxa4 23. Rxa4 Nc5 24. Ra3 Ne4 25. Rf1 Be7 26. Ra4 Nc3 27. Ra5 Bb4 28. Rf5 g6 29. Rf4 Rxa2 30. Bc4 Ra4 31. Nd4 Bd6 32. Rf6 Rxc4 33. Rxd6 a5 34. Ra6 a4 35. g3 Rb8 36. Rc1 {...} 1/2-1/2

[Event "Mercredi 2025.09.10 ABCD"]
[Site "Montreal CAN"]
[Date "2025.10.07"]
[Round "5"]
[White "Gelet, Seymour"]
[Black "Di Matteo, Alessio"]
[Result "1-0"]
[WhiteElo "2152"]
[BlackElo "2038"]
[WhiteFideId "-1"]
[WhiteFideId "-1"]
[PlyCount "145"]
[GameId "2231151952479441"]
[EventDate "2025.09.10"]
[EventType "tourn"]
[EventRounds "5"]
[EventCountry "CAN"]

1. Nf3 d5 2. b3 c5 3. Bb2 Nc6 4. d4 Nf6 5. e3 Bg4 6. Be2 cxd4 7. exd4 e6 8. O-O Bd6 9. Ne5 Bxe2 10. Qxe2 O-O 11. Nd2 Qb6 12. Ndf3 Qc7 13. Rac1 Rac8 14. c4 Qe7 15. Rfe1 Ba3 16. c5 Bxb2 17. Qxb2 Ne4 18. b4 f6 19. Nd3 g5 20. Rc2 g4 21. Nd2 Ng5 22. b5 Nd8 23. Nf4 Qg7 24. Qa3 a6 25. bxa6 bxa6 26. Qxa6 Nc6 27. Qa4 e5 28. Nxd5 Nf3+ 29. Nxf3 gxf3 30. g3 Nxd4 31. Rc4 Qg4 32. Ne3 Qh3 33. Rxd4 exd4 34. Qxd4 Rce8 35. Qd5+ Qe6 36. Qxf3 Qxa2 37. Rd1 Qa4 38. Qd5+ Kh8 39. Nf5 Re5 40. Qd6 Qe8 41. g4 Re1+ 42. Rxe1 Qxe1+ 43. Kg2 Qe4+ 44. Kg3 Qe5+ 45. Qxe5 fxe5 46. Nd6 Rf6 47. g5 Rg6 48. Kg4 Kg7 49. Kf5 Kf8 50. h4 Ke7 51. h5 Rg8 52. g6 hxg6+ 53. hxg6 Rf8+ 54. Nf7 e4 55. c6 Rc8 56. Ne5 Kd6 57. g7 Rg8 58. Kf6 Rd8 59. Ng6 Rg8 60. Ne7 Rxg7 61. Nf5+ Kxc6 62. Nxg7 e3 63. fxe3 Kd5 64. Kf5 Kd6 65. e4 Ke7 66. Ke5 Kf7 67. Nf5 Ke8 68. Ke6 Kf8 69. Kd7 Kf7 70. e5 Kf8 71. e6 Kg8 72. e7 Kh7 73. Nd6 1-0

[Event "Mercredi 2025.09.10 ABCD"]
[Site "Montreal CAN"]
[Date "2025.10.08"]
[Round "5"]
[White "Jacquet, Stephane"]
[Black "Chapdelaine, Gwyn"]
[Result "1/2-1/2"]
[WhiteElo "2075"]
[BlackElo "2098"]
[WhiteFideId "-1"]
[WhiteFideId "-1"]
[PlyCount "78"]
[GameId "2231151952491730"]
[EventDate "2025.09.10"]
[EventType "tourn"]
[EventRounds "5"]
[EventCountry "CAN"]

1. d4 Nf6 2. c4 e6 3. Nc3 Bb4 4. e3 O-O 5. Bd2 b6 6. Bd3 Bb7 7. Nf3 c5 8. O-O cxd4 9. Nxd4 d5 10. Qf3 Nbd7 11. Rfd1 dxc4 12. Bxh7+ Nxh7 13. Qxb7 Nc5 14. Qf3 Ng5 15. Qg4 Nd3 16. Nc6 Qf6 17. f4 Nh7 18. Ne4 Qf5 19. Qf3 Bc5 20. b4 cxb3 21. axb3 a5 22. Bc3 Nxf4 23. Nxc5 Qxc5 24. Rac1 Nd5 25. Bd4 Qb5 26. Qg3 Ndf6 27. Rf1 Qg5 28. Qxg5 Nxg5 29. Bxb6 a4 30. b4 Nd5 31. Bc5 Rfc8 32. b5 Ne4 33. Bd4 Nd2 34. Rfd1 Nb3 35. Rb1 Nxd4 36. Rxd4 a3 37. Rxd5 exd5 38. Ne7+ Kf8 39. Nxc8 Rxc8 1/2-1/2

[Event "Mercredi 2025.09.10 ABCD"]
[Site "Montreal CAN"]
[Date "2025.10.08"]
[Round "5"]
[White "Tremblay, Alain"]
[Black "Huang, Qiuyu"]
[Result "1/2-1/2"]
[WhiteElo "2069"]
[BlackElo "2224"]
[WhiteFideId "-1"]
[WhiteFideId "-1"]
[PlyCount "70"]
[GameId "2231151952491731"]
[EventDate "2025.09.10"]
[EventType "tourn"]
[EventRounds "5"]
[EventCountry "CAN"]

1. Nf3 d5 2. d4 Nf6 3. c4 e6 4. Nc3 Bb4 5. Bg5 Nbd7 6. cxd5 exd5 7. e3 c5 8. Bb5 Qb6 9. O-O Bxc3 10. Bxd7+ Bxd7 11. bxc3 Ne4 12. dxc5 Qxc5 13. Qd4 Qxd4 14. cxd4 Nxg5 15. Nxg5 f6 16. Nf3 Ke7 17. Rab1 b6 18. Nd2 Rhc8 19. Rbc1 Rc6 20. Rxc6 Bxc6 21. Rc1 Kd6 22. f3 f5 23. Kf2 Bb7 24. Rc3 Rc8 25. Rxc8 Bxc8 26. Ke1 Kc6 27. Kd1 a5 28. Kc2 g5 29. Kc3 Ba6 30. a3 Be2 31. e4 dxe4 32. fxe4 fxe4 33. Nxe4 h6 34. Ng3 Bg4 35. Nf1 Be6 1/2-1/2

[Event "Mercredi 2025.09.10 ABCD"]
[Site "Montreal CAN"]
[Date "2025.09.10"]
[Round "1"]
[White "Deboosere, Adam"]
[Black "Ghnatios, Ralph"]
[Result "1/2-1/2"]
[WhiteElo "2013"]
[BlackElo "1977"]
[WhiteFideId "-1"]
[WhiteFideId "-1"]
[PlyCount "161"]
[GameId "2231151952491732"]
[EventDate "2025.09.10"]
[EventType "tourn"]
[EventRounds "5"]
[EventCountry "CAN"]

1. Nf3 g6 2. d4 Bg7 3. e3 Nf6 4. Be2 c5 5. O-O cxd4 6. exd4 O-O 7. Re1 d6 8. Nbd2 Bf5 9. c3 Nc6 10. Nf1 e5 11. Ng3 Bd7 12. Bb5 Qb6 13. Ba4 exd4 14. Bxc6 bxc6 15. Nxd4 Rfe8 16. h3 Rxe1+ 17. Qxe1 Re8 18. Qd1 Nd5 19. Nb3 Be5 20. Nf1 f5 21. Ne3 Nxe3 22. Bxe3 Qb7 23. Bd4 Bf4 24. Qf3 Re4 25. c4 Be6 26. Rd1 Qf7 27. Be3 Bxe3 28. fxe3 Bxc4 29. Rxd6 Bxb3 30. axb3 Qxb3 31. Rxc6 Qxe3+ 32. Qxe3 Rxe3 33. Rc7 Re1+ 34. Kf2 Ra1 35. b4 a6 36. Ra7 Ra4 37. Rb7 h6 38. b5 axb5 39. Rxb5 Kf7 40. Rb2 Kf6 41. Rb6+ Kg5 42. Rb2 h5 43. Rc2 Rf4+ 44. Kg3 h4+ 45. Kh2 Rf1 46. Ra2 Re1 47. Rf2 Kh5 48. Ra2 Rf1 49. Rb2 g5 50. Rb5 Kg6 51. Rb6+ Kg7 52. Rb7+ Kf6 53. Rb6+ Ke5 54. Rb5+ Ke4 55. Rb4+ Ke3 56. Rb3+ Kf4 57. Rb4+ Ke5 58. Rb5+ Kf6 59. Rb6+ Kg7 60. Rb7+ Kh6 61. Rb6+ Kh5 62. Rb5 f4 63. Rf5 Kg6 64. Rf8 Re1 65. Rg8+ Kf6 66. Rf8+ Kg7 67. Rf5 Kg6 68. Rf8 Re5 69. Kg1 Rf5 70. Rg8+ Kf7 71. Ra8 f3 72. Ra6 Rf4 73. Kf2 fxg2+ 74. Kxg2 Rf6 75. Rxf6+ Kxf6 76. Kf2 Ke6 77. Ke2 Kd5 78. Kf3 Ke5 79. Ke3 Kf6 80. Kf2 Ke6 81. Ke2 1/2-1/2

[Event "Mercredi 2025.09.10 ABCD"]
[Site "Montreal CAN"]
[Date "2025.09.10"]
[Round "1"]
[White "Navarro, Pavel"]
[Black "Singher, Jean-Pierre"]
[Result "0-1"]
[WhiteElo "2003"]
[BlackElo "1905"]
[WhiteFideId "-1"]
[WhiteFideId "-1"]
[PlyCount "110"]
[GameId "2231151952499925"]
[EventDate "2025.09.10"]
[EventType "tourn"]
[EventRounds "5"]
[EventCountry "CAN"]

1. c4 c5 2. Nf3 Nc6 3. g3 g6 4. Bg2 Bg7 5. O-O e5 6. Nc3 Nge7 7. d3 d6 8. Ne1 Be6 9. Nd5 O-O 10. Rb1 Rb8 11. a3 b5 12. b3 bxc4 13. dxc4 Bf5 14. e4 Be6 15. Be3 f5 16. Bg5 Bxd5 17. cxd5 Nd4 18. Be3 Qa5 19. Bxd4 cxd4 20. Nd3 Rfc8 21. b4 Qa6 22. b5 Rxb5 23. Nb4 Qb6 24. Nc6 Nxc6 25. Rxb5 Qxb5 26. dxc6 fxe4 27. Qg4 Qxc6 28. Bxe4 Qc5 29. Kg2 Kh8 30. Qe6 Rf8 31. a4 d3 32. Qd5 Qxd5 33. Bxd5 Bh6 34. Rd1 d2 35. f4 exf4 36. g4 f3+ 37. Bxf3 Rf4 38. h4 Rd4 39. Kf2 Bf4 40. a5 Rc4 41. Be2 Rc1 42. Kf3 g5 43. Ke4 h6 44. a6 Kg7 45. h5 Kf6 46. Kd3 Ke5 47. Bf3 d5 48. Be2 d4 49. Bf3 Rc3+ 50. Ke2 Re3+ 51. Kf2 d3 52. Rb1 Kd4 53. Bd1 Re1 54. Rb4+ Kc3 55. Rb3+ Kc4 0-1

[Event "Mercredi 2025.09.10 ABCD"]
[Site "Montreal CAN"]
[Date "2025.09.10"]
[Round "1"]
[White "Both, Aaron"]
[Black "Nassif, Aba"]
[Result "1-0"]
[WhiteElo "2005"]
[BlackElo "2027"]
[WhiteFideId "-1"]
[WhiteFideId "-1"]
[PlyCount "65"]
[GameId "2231151952508118"]
[EventDate "2025.09.10"]
[EventType "tourn"]
[EventRounds "5"]
[EventCountry "CAN"]

1. e4 c5 2. Nc3 a6 3. d4 cxd4 4. Qxd4 e6 5. Bd2 Nc6 6. Qe3 b5 7. f4 Nf6 8. e5 Nb4 9. O-O-O Nfd5 10. Nxd5 Nxd5 11. Qg3 g6 12. h4 h5 13. Bd3 Qb6 14. Nh3 Bb7 15. Ng5 Rg8 16. Kb1 f6 17. Nh7 f5 18. Nxf8 Kxf8 19. Qg5 Rc8 20. g4 hxg4 21. h5 Qd8 22. Qh6+ Ke7 23. hxg6 Qf8 24. Qg5+ Ke8 25. Rh2 b4 26. Rdh1 Nc3+ 27. bxc3 bxc3 28. Bc1 Bxh1 29. Qf6 Qb4+ 30. Ka1 Rf8 31. a3 Qc5 32. Rh8 d5 33. Qf7+ 1-0

[Event "Mercredi 2025.09.10 ABCD"]
[Site "Montreal CAN"]
[Date "2025.09.17"]
[Round "2"]
[White "Both, Aaron"]
[Black "Navarro, Pavel"]
[Result "0-1"]
[WhiteElo "2005"]
[BlackElo "2003"]
[WhiteFideId "-1"]
[WhiteFideId "-1"]
[PlyCount "76"]
[GameId "2231151952516311"]
[EventDate "2025.09.10"]
[EventType "tourn"]
[EventRounds "5"]
[EventCountry "CAN"]

1. e4 c5 2. Nc3 d6 3. d4 cxd4 4. Qxd4 Nc6 5. Qd2 Nf6 6. b3 g6 7. Bb2 Bg7 8. O-O-O O-O 9. Kb1 Be6 10. f3 Qa5 11. g4 Rfc8 12. g5 Nd7 13. Nge2 b5 14. Nf4 Nb4 15. a4 bxa4 16. Nxe6 fxe6 17. Bc4 Rxc4 18. bxc4 a3 19. Na2 axb2 20. Qxb4 Qc7 21. Rd2 Rb8 22. Qa3 Nb6 23. Qa6 Nxc4 24. Rd3 Qc5 25. Re1 Qf2 26. Red1 Ne3 27. R3d2 Qxf3 28. Qxa7 Nxd1 29. Qxb8+ Kf7 30. Qb3 Qh1 31. c3 Nxc3+ 32. Kxb2 Nxe4+ 33. Kc2 Nxd2 34. Kxd2 Qxh2+ 35. Ke1 Qg1+ 36. Ke2 Qg2+ 37. Kd1 Qxg5 38. Nb4 h5 0-1

[Event "Mercredi 2025.09.10 ABCD"]
[Site "Montreal CAN"]
[Date "2025.09.17"]
[Round "2"]
[White "Singher, Jean-Pierre"]
[Black "Deboosere, Adam"]
[Result "0-1"]
[WhiteElo "1905"]
[BlackElo "2013"]
[WhiteFideId "-1"]
[WhiteFideId "-1"]
[PlyCount "62"]
[GameId "2231151952516312"]
[EventDate "2025.09.10"]
[EventType "tourn"]
[EventRounds "5"]
[EventCountry "CAN"]

1. Nf3 Nf6 2. g3 b5 3. Bg2 Bb7 4. O-O c5 5. a4 b4 6. b3 e6 7. c4 Be7 8. Bb2 O-O 9. d4 cxd4 10. Qxd4 Qc7 11. Nbd2 Na6 12. Rac1 d6 13. e4 e5 14. Qe3 Nc5 15. Ne1 Nfd7 16. Bh3 Qc6 17. f3 h6 18. Bg2 Qb6 19. Nc2 a5 20. Kh1 Bg5 21. f4 Bf6 22. Qe2 Rae8 23. fxe5 Bxe5 24. Bxe5 Rxe5 25. Rf4 f5 26. Ne3 fxe4 27. Ng4 Re6 28. Rcf1 Rxf4 29. Rxf4 e3 30. Bd5 exd2 31. Nxh6+ Kh7 0-1

[Event "Mercredi 2025.09.10 ABCD"]
[Site "Montreal CAN"]
[Date "2025.09.17"]
[Round "2"]
[White "Nassif, Aba"]
[Black "Ghnatios, Ralph"]
[Result "0-1"]
[WhiteElo "2027"]
[BlackElo "1977"]
[WhiteFideId "-1"]
[WhiteFideId "-1"]
[PlyCount "48"]
[GameId "2231151952516313"]
[EventDate "2025.09.10"]
[EventType "tourn"]
[EventRounds "5"]
[EventCountry "CAN"]

1. d4 Nf6 2. Nc3 d5 3. Bf4 Bf5 4. f3 e6 5. g4 Bg6 6. h4 h5 7. g5 Nfd7 8. a3 Be7 9. e3 O-O 10. Qd2 c5 11. Nb5 Nc6 12. c3 e5 13. dxe5 Ndxe5 14. Qh2 f6 15. Qg3 a6 16. gxf6 Bxf6 17. Nd6 Qxd6 18. O-O-O Qe6 19. Bh3 Qf7 20. Bf1 Na5 21. e4 Nec4 22. Bxc4 Nxc4 23. e5 Bxe5 24. Bxe5 Qf5 0-1